Catalog

Record Details

Catalog Search



Krejčí z Osvětimi : osudy muže, který se narodil v Československu, přežil Osvětim a stal se krejčím amerických prezidentů  Cover Image Book Book

Krejčí z Osvětimi : osudy muže, který se narodil v Československu, přežil Osvětim a stal se krejčím amerických prezidentů / Martin Greenfield ; z anglického originálu Measure of a man ... přeložil Petr Antonín

Greenfield, Martin, 1928- (Author). Antonín, Petr (Translator).

Available copies

  • 1 of 1 copy available at Common Catalog SPOK.

Holds

  • 0 current holds with 1 total copy.
Show Only Available Copies
Location Call Number / Copy Notes Barcode Shelving Location Status Due Date
The Jewish community of Prague K 3518 4638301053 K - Beletrie Available -

LDR 03647nam a2200877 i 4500
00153116
003CZ-PrJAB
00520190430084650.0
007ta
008181121s2019 xr acfhg 001 facze
015 . ‡acnb003057512
020 . ‡a978-80-7617-191-6 ‡q(vázáno)
035 . ‡a(CZ PrNK)nkc20183057512
035 . ‡a(OCoLC)1100765889
040 . ‡aBOA001 ‡bcze ‡erda
0411 . ‡acze ‡heng
043 . ‡ae-cs--- ‡ae-pl--- ‡ae-gx--- ‡an-us---
045 . ‡ax2y1
072 7. ‡a821.111(73)-3 ‡xAmerická próza ‡2Konspekt ‡925
072 7. ‡a929 ‡xBiografie ‡2Konspekt ‡98
080 . ‡a821.111(73)-31 ‡2MRF
080 . ‡a(=411.16) ‡2MRF
080 . ‡a343.819.5 ‡2MRF
080 . ‡a323.12"1939/1945"-053.15 ‡2MRF
080 . ‡a314.15-026.44 ‡2MRF
080 . ‡a314.151.3-054.72 ‡2MRF
080 . ‡a687.1-051 ‡2MRF
080 . ‡a658.114-051 ‡2MRF
080 . ‡a929 ‡2MRF
080 . ‡a(437) ‡2MRF
080 . ‡a(438) ‡2MRF
080 . ‡a(430) ‡2MRF
080 . ‡a(73) ‡2MRF
080 . ‡a(0:82-312.6) ‡2MRF
1001 . ‡aGreenfield, Martin, ‡d1928- ‡7xx0233605 ‡4aut
24010. ‡aMeasure of a man. ‡lČesky
24510. ‡aKrejčí z Osvětimi : ‡bosudy muže, který se narodil v Československu, přežil Osvětim a stal se krejčím amerických prezidentů / ‡cMartin Greenfield ; z anglického originálu Measure of a man ... přeložil Petr Antonín
250 . ‡aVydání první
264 1. ‡aPraha : ‡bEuromedia, ‡c2019
300 . ‡a239 stran, 16 nečíslovaných stran obrazových příloh : ‡bilustrace (některé barevné), portréty, faksimile ; ‡c21 cm
336 . ‡atext ‡btxt ‡2rdacontent
337 . ‡abez média ‡bn ‡2rdamedia
338 . ‡asvazek ‡bnc ‡2rdacarrier
500 . ‡aNa hřbetu uvedeno nakladatelství: Brána
500 . ‡aObsahuje rejstřík
60017. ‡aGreenfield, Martin, ‡d1928- ‡7xx0233605 ‡2czenas
61027. ‡aOsvětim (koncentrační tábor) ‡7olak2003164504 ‡2czenas
61027. ‡aBuchenwald (koncentrační tábor) ‡7kn20030827018 ‡2czenas
648 7. ‡a20.-21. století ‡7ch462155 ‡2czenas
648 7. ‡a1939-1945 ‡7ch460653 ‡2czenas
648 7. ‡a20. století ‡7ch460558 ‡2czenas
65007. ‡aŽidé ‡7ph127782 ‡zČeskoslovensko ‡2czenas
65007. ‡akoncentrační tábory ‡7ph121782 ‡zPolsko ‡y1939-1945 ‡2czenas
65007. ‡akoncentrační tábory ‡7ph121782 ‡zNěmecko ‡y1939-1945 ‡2czenas
65007. ‡apřeživší holocaust ‡7ph852432 ‡zČeskoslovensko ‡2czenas
65007. ‡aŽidé ‡7ph127782 ‡xemigrace a imigrace ‡y20. století ‡2czenas
65007. ‡aimigranti ‡7ph121036 ‡zSpojené státy americké ‡y20. století ‡2czenas
65007. ‡akrejčí ‡7ph1028657 ‡zSpojené státy americké ‡y20.-21. století ‡2czenas
65007. ‡apodnikatelé ‡7ph124163 ‡zSpojené státy americké ‡y20.-21. století ‡2czenas
65009. ‡aJews ‡zCzechoslovakia ‡2eczenas
65009. ‡aconcentration camps ‡zPoland ‡y1939-1945 ‡2eczenas
65009. ‡aconcentration camps ‡zGermany ‡y1939-1945 ‡2eczenas
65009. ‡aholocaust survivors ‡zCzechoslovakia ‡2eczenas
65009. ‡aJews ‡xemigration and immigration ‡y20th century ‡2eczenas
65009. ‡aimmigrants ‡zUnited States ‡y20th century ‡2eczenas
65009. ‡atailors ‡zUnited States ‡y20th-21st centuries ‡2eczenas
65009. ‡abusinessmen ‡zUnited States ‡y20th-21st centuries ‡2eczenas
655 7. ‡aamerické romány ‡7fd131796 ‡2czenas
655 7. ‡aautobiografické romány ‡7fd131852 ‡2czenas
655 9. ‡aAmerican fiction ‡2eczenas
655 9. ‡aautobiographical novels ‡2eczenas
7001 . ‡aAntonín, Petr ‡7jx20050715021 ‡4trl
910 . ‡aABE461
995 . ‡aska
901 . ‡a53116 ‡bAUTOGEN ‡c53116 ‡tbiblio

Additional Resources